| 000 | 01320cam a2200133 4500500 | ||
|---|---|---|---|
| 005 | 20260329054558.0 | ||
| 041 | _afre | ||
| 042 | _adc | ||
| 100 | 1 | 0 |
_aGaudin, Jean-Pierre _eauthor |
| 245 | 0 | 0 | _aLa démocratie participative |
| 260 |
_bArmand Colin,
_c2013. |
||
| 520 | _aLa démocratie n’est-elle pas nécessairement « participative » ? C’est en principe le gouvernement de tous et l’implication de chaque citoyen dans les choix collectifs. Pourtant, l’idée de « démocratie participative » s’est aujourd’hui peu à peu diffusée, par différence avec la démocratie représentative classique. Son principe général est simple : les citoyens doivent être consultés avant la prise de décision politique. Mais son application soulève de nombreuses difficultés : comment organiser la consultation, jusqu’où aller dans la concertation, comment ne pas se contenter d’une « société civile » cooptée, quels sont les risques de populisme ? Mis à jour pour cette nouvelle édition, cet ouvrage prend appui sur des études de cas destinées à organiser la réflexion et à donner des grilles de lecture, afin de comprendre les enjeux de la participation. | ||
| 856 | 4 | 1 | _uhttps://shs.cairn.info/la-democratie-participative--9782200288648?lang=fr&redirect-ssocas=7080 |
| 999 |
_c2004916 _d2004916 |
||